000 00578cam a2200229 4500
008 090401t1997 xxu||||| |||| 00| 0 eng d
020 _a0582315883
035 _a(Sirsi) u83055
041 _aeng
050 _a690.026
245 _aBuilding law reports. - Volume 84
260 _aHarlow, Essex
_bLongman
_c1997
300 _avi,150p. ; 23cm.
350 _a0
650 _aBUILDING LAW REPORTS
650 _aCONSTRUCTION INDUSTRY
650 _aLAW REPORTS
690 _aBUILT ENVIRONMENT
700 _aLloyd, Humphrey
_xEditor
942 _n0
948 _c12/01/1998
999 _c96861
_d96861